Yleistieto #38 - Statistics

Yleistilastot
  • Tätä visaa on pelattu 628 kertaa
  • Keskiarvotulos 7 / 15
Vastaustilastot
Vinkki Vastaus % Oikein
Kuka oli Suomen presidentti ennen Kekkosta? J. K. Paasikivi
84%
Kuka on kirjoittanut mm. "Koiramäen talossa"? Mauri Kunnas
80%
Mikä on "Tanska" ruotsiksi? Danmark
76%
Kuka oli Yhdysvaltojen ensimmäinen presidentti? George Washington
64%
Kuka on Englannin Elizabeth II:n puoliso? Prinssi Philip
64%
Kuka on kirjoittanut kirjan "Murha Idän pikajunassa"? Agatha Christie
60%
Kuka oli Suomen ensimmäinen naispuolinen pääministeri Anneli Jäätteenmäki
60%
Kuka on maalannut teoksen "Poika ja Varis"? Akseli Gallen-Kallela
48%
Mikä oli jääkiekkojoukkue Bluesin entinen nimi? Kiekko-Espoo
43%
Missä kaupungissa on Veljmies-patsas? Kuopiossa
40%
Mikä on Ranskan pisin joki? Loire
33%
Mikä on Kasakstanin pääkaupunki? Astana
29%
Mikä on eteläisen pallonpuoliskon korkein vuori? Aconcagua
19%
Kuinka monta neliökilometriä suuri on Suomi (tuhannen tarkkuudella?)? ~338,000
18%
Kenen kuvanveistäjän ateljeen nimi oli 'Visavuori?'? Emil Wikström
8%
Ehtoja vastaavia visoja ei löytynyt
Tulosjakauma
Jokaisen tuloksen saaneiden osuus
Persentiili vastausten määrän mukaan
Tuloshistoriasi
Et ole pelannut tätä visaa